00582nam a2200181Ia 4500008004100000082001800041100002400059245005100083250000800134260002500142300001300167500002400180650001500204700002500219942000700244952013200251999001700383230524s9999 xx 000 0 und d a660.6092bBAL aPierre Baldi923419 0aBioinformatics : The Machine Learning Approach a2ND aNEW DELHIbEWPc2001 aVIII;447 aQuantity Number: 1 aBiomedical a Sqren Brunak923420 cBK 00104070aTATCLbTATCLcGENd2023-05-24l1o660.6092 BALp10076q2015-06-01r2024-02-02s2024-02-02w2023-05-24yBKzBSCP1102 c35000d35000